| 000 | 01302nam a2200241 a 4500 | ||
|---|---|---|---|
| 001 | 000330324 | ||
| 003 | AM-YeHGA | ||
| 005 | 20250904103032.0 | ||
| 008 | 040423s1906 ai a|||fr|||||000|0|arm|| | ||
| 040 | _aAM-YeHGA | ||
| 041 | 0 | _aarm | |
| 100 | 0 |
_aԱտրպետ, _d1860-1937 _9971 |
|
| 245 | 0 | 0 |
_aԻմամաթ : _bՊատմական հետազօտութիւն / _cԱտրպետ. |
| 250 | _a2-րդ տպ. | ||
| 260 |
_aԱլեքսանդրապօլ : _bՇիրակ, _c1906. |
||
| 300 |
_a296 էջ + 1 ներդիր թերթ ։ _bնկ. ; _c21 սմ. |
||
| 500 | _aՇարվածքը՝ 16X9,5 սմ: | ||
| 500 | _aԵրկրորդ տպագրութիւնը վերցված է շապկից: | ||
| 501 | _aԱլիգ. 1 (1874-39ահ)։ Կազմակից է՝ Ատրպետ՝ Խիւլաֆալ. - Ալէքսանդրապօլ, 1906 ; Ատրպետ՝ Դիմակներ.-Թաւրիզ, 1904 ; Ատրպետ՝ Հողատիրութիւնը Կովկասում.- Ալէքսանդրապօլ, 1906 ; Ատրպետեան Ս.՝ Շուշան.- Ս. Պետերբուրգ, 1890։ | ||
| 650 | 1 | 4 |
_aԿրոն _xԻսլամ |
| 856 | 4 | 1 |
_uhttps://naasr.follettdestiny.com/cataloging/servlet/presenttitledetailform.do?siteTypeID=-2&siteID=&includeLibrary=true&includeMedia=false&mediaSiteID=&bibID=754&walkerID=1675759328235 _yBMLC |
| 942 |
_2udc _cBK |
||
| 999 |
_c123617 _d123617 |
||